[Event "NRW Class2 1112"]
[Site "Germany"]
[Date "2011.10.09"]
[Round "2.4"]
[White "Eismont, Oleg"]
[Black "Hoolt, Sarah"]
[Result "0-1"]
[WhiteElo "2264"]
[BlackElo "2259"]
[PlyCount "72"]
[EventDate "2011.09.18"]
[EventType "team-tourn"]
[EventRounds "9"]
[EventCountry "GER"]
[SourceTitle "EXT 2015"]
[Source "ChessBase"]
[SourceDate "2014.11.20"]
[SourceVersion "1"]
[SourceVersionDate "2014.11.20"]
[SourceQuality "1"]
[WhiteTeam "Dortmund Hansa II"]
[BlackTeam "Katernberg II"]
[WhiteTeamCountry "GER"]
[BlackTeamCountry "GER"]

1. e4 c5 2. Nc3 e6 3. Nf3 a6 4. g3 Nc6 5. Bg2 Qc7 6. 0-0 d6 7. d4 cxd4 8. Nxd4 Bd7 9. Nxc6 Bxc6 10. Re1 Be7 11. Qg4 h5 12. Qe2 h4 13. a4 hxg3 14. hxg3 Nf6 15. Bf4 e5 16. Bg5 Nh7 17. Be3 Rc8 18. a5 Nf6 19. f4 Nh5 20. Qg4 exf4 21. gxf4 Kf8 22. Bf3 Nf6 23. Qg2 Bd7 24. Bb6 Qc4 25. Rad1 Bh3 26. Qd2 Qe6 27. e5 Ne8 28. Bxb7 Qg6+ 29. Bg2 Rh4 30. exd6 Bxd6 31. f5 Bh2+ 32. Kxh2 Bxg2+ 33. Kg1 Rh1+ 34. Kf2 Qxf5+ 35. Kxg2 Qh3+ 36. Kf2 Rh2+ 0-1

[Event "BL2-West 1011"]
[Site "Germany"]
[Date "2010.10.10"]
[Round "1.6"]
[White "Reinderman, Dimitri"]
[Black "Eismont, Oleg"]
[Result "0-1"]
[WhiteElo "2587"]
[BlackElo "2311"]
[PlyCount "72"]
[EventDate "2010.10.10"]
[EventType "team-tourn"]
[EventRounds "9"]
[EventCountry "GER"]
[SourceTitle "EXT 2012"]
[Source "ChessBase"]
[SourceDate "2011.11.24"]
[SourceVersion "1"]
[SourceVersionDate "2011.11.24"]
[SourceQuality "1"]
[WhiteTeam "Koeln Porz"]
[BlackTeam "Dortmund Hansa"]
[WhiteTeamCountry "GER"]
[BlackTeamCountry "GER"]

1. c4 e5 2. g3 Nc6 3. Nc3 f5 4. Nf3 Nf6 5. d4 e4 6. Nh4 Bb4 7. Nxf5 0-0 8. Ne3 d5 9. cxd5 Nxd5 10. Nexd5 Qxd5 11. Be3 Bxc3+ 12. bxc3 Na5 13. Bg2 Bf5 14. Bf4 c6 15. e3 h6 16. g4 Bg6 17. 0-0 Nc4 18. Qe2 Rf7 19. Rfb1 a5 20. a4 Re7 21. Bg3 b5 22. Bh4 Re6 23. Qa2 Be8 24. h3 h5 25. Bg3 hxg4 26. hxg4 Bd7 27. Qe2 Rf8 28. Rf1 Rf3 29. Bxf3 exf3 30. Qd3 Re4 31. Rfb1 Rxg4 32. e4 Qg5 33. Qxf3 Nd2 34. Qd3 Nxe4 35. Kg2 Bf5 36. Qe3 Rxg3+ 0-1

[Event "Ruhrgebiet Regionalliga 0910"]
[Site "Germany"]
[Date "2009.12.13"]
[Round "4.2"]
[White "Eismont, Oleg"]
[Black "Fuellgrabe, Thomas"]
[Result "0-1"]
[WhiteElo "2326"]
[BlackElo "2184"]
[PlyCount "62"]
[EventDate "2009.09.06"]
[EventType "team-tourn"]
[EventRounds "9"]
[EventCountry "GER"]
[SourceTitle "EXT 2011"]
[Source "ChessBase"]
[SourceDate "2010.11.26"]
[SourceVersion "1"]
[SourceVersionDate "2010.11.26"]
[SourceQuality "1"]
[WhiteTeam "Dortmund Hansa II"]
[BlackTeam "Welper SV"]
[WhiteTeamCountry "GER"]
[BlackTeamCountry "GER"]

1. e4 d6 2. d4 g6 3. Nc3 Bg7 4. f4 Nf6 5. Nf3 c5 6. d5 0-0 7. Bd3 b5 8. Nxb5 c4 9. Bxc4 Nxe4 10. 0-0 Qb6+ 11. Nbd4 Bg4 12. c3 Nd7 13. Re1 Bxf3 14. gxf3 Nef6 15. Kg2 Qc5 16. Bb5 Nb6 17. Bc6 Nbxd5 18. Bxa8 Rxa8 19. f5 Nh5 20. Re4 Be5 21. Nb3 Qc6 22. fxg6 Ndf4+ 23. Bxf4 Nxf4+ 24. Rxf4 Bxf4 25. gxf7+ Kxf7 26. Qd3 Rg8+ 27. Kh1 Ke8 28. Rg1 Rf8 29. Rg4 h5 30. Rg6 Be3 31. Rg2 Qxf3 0-1

[Event "Ruhrgebiet Regionalliga 0910"]
[Site "Germany"]
[Date "2009.11.08"]
[Round "3.2"]
[White "Hillenbrand, Michael"]
[Black "Eismont, Oleg"]
[Result "1-0"]
[WhiteElo "2143"]
[BlackElo "2326"]
[PlyCount "61"]
[EventDate "2009.09.06"]
[EventType "team-tourn"]
[EventRounds "9"]
[EventCountry "GER"]
[SourceTitle "EXT 2011"]
[Source "ChessBase"]
[SourceDate "2010.11.26"]
[SourceVersion "1"]
[SourceVersionDate "2010.11.26"]
[SourceQuality "1"]
[WhiteTeam "Borbeck Weisse Dame"]
[BlackTeam "Dortmund Hansa II"]
[WhiteTeamCountry "GER"]
[BlackTeamCountry "GER"]

1. c4 e5 2. g3 Nc6 3. Bg2 f5 4. Nc3 Nf6 5. d3 Bb4 6. Bd2 0-0 7. Nd5 Bxd2+ 8. Qxd2 d6 9. e3 Nxd5 10. cxd5 Ne7 11. Ne2 c6 12. dxc6 Nxc6 13. 0-0 Bd7 14. Rac1 Qb6 15. d4 e4 16. Nf4 Ne7 17. h4 g6 18. Rc3 Rac8 19. Rfc1 Kf7 20. Bf1 Be6 21. d5 Bd7 22. Rb3 Rxc1 23. Rxb6 Rxf1+ 24. Kxf1 axb6 25. Qb4 Nc8 26. Qc3 Rg8 27. Qc7 Ke7 28. Qxb7 b5 29. Ne6 h6 30. Nd4 Rg7 31. Qc7 1-0

[Event "Dortmund Helmut Kohl"]
[Site "Dortmund"]
[Date "2009.07.10"]
[Round "7"]
[White "Schaefer, Markus"]
[Black "Eismont, Oleg"]
[Result "1/2-1/2"]
[WhiteElo "2378"]
[BlackElo "2326"]
[PlyCount "79"]
[EventDate "2009.07.03"]
[EventType "tourn"]
[EventRounds "9"]
[EventCountry "GER"]
[EventCategory "5"]
[SourceTitle "CBM 131 Extra"]
[Source "ChessBase"]
[SourceDate "2009.09.03"]
[SourceVersion "2"]
[SourceVersionDate "2009.09.16"]
[SourceQuality "1"]

1. e4 d6 2. d4 Nf6 3. Nc3 c6 4. f4 Qa5 5. Bd2 e5 6. fxe5 dxe5 7. Nd5 Qd8 8. Nxf6+ Qxf6 9. Nf3 Bg4 10. dxe5 Qg6 11. Bd3 Nd7 12. Bc3 Bc5 13. Qd2 0-0 14. 0-0-0 Qe6 15. Kb1 b5 16. Be2 Bxf3 17. gxf3 Nxe5 18. f4 Nc4 19. Bxc4 Qxc4 20. Qg2 g6 21. h4 b4 22. Be5 Qe6 23. h5 Rad8 24. b3 Rxd1+ 25. Rxd1 Re8 26. hxg6 fxg6 27. Qh2 Bf8 28. Qh4 Be7 29. Qg3 Bf8 30. Rh1 h6 31. Rg1 g5 32. Bb2 Qxe4 33. fxg5 h5 34. g6 Bg7 35. Qc7 Re7 36. Qd8+ Re8 37. Qd7 Re7 38. Qd8+ Re8 39. Qd7 Re7 40. Qd8+ 1/2-1/2

[Event "Dortmund Helmut Kohl"]
[Site "Dortmund"]
[Date "2009.07.08"]
[Round "5"]
[White "Eismont, Oleg"]
[Black "Savchenko, Viacheslav"]
[Result "1/2-1/2"]
[WhiteElo "2326"]
[BlackElo "2429"]
[PlyCount "29"]
[EventDate "2009.07.03"]
[EventType "tourn"]
[EventRounds "9"]
[EventCountry "GER"]
[EventCategory "5"]
[SourceTitle "CBM 131 Extra"]
[Source "ChessBase"]
[SourceDate "2009.09.03"]
[SourceVersion "2"]
[SourceVersionDate "2009.09.16"]
[SourceQuality "1"]

1. e4 e5 2. Nf3 Nf6 3. Nxe5 d6 4. Nf3 Nxe4 5. d3 Nf6 6. d4 Bg4 7. Bd3 Be7 8. 0-0 0-0 9. Nbd2 c5 10. h3 Bh5 11. g4 Bg6 12. Bxg6 hxg6 13. dxc5 dxc5 14. Nc4 Qc8 15. Nfe5 1/2-1/2

[Event "Dortmund Helmut Kohl"]
[Site "Dortmund"]
[Date "2009.07.05"]
[Round "3"]
[White "Litwak, Aleksej"]
[Black "Eismont, Oleg"]
[Result "1/2-1/2"]
[WhiteElo "2268"]
[BlackElo "2326"]
[PlyCount "140"]
[EventDate "2009.07.03"]
[EventType "tourn"]
[EventRounds "9"]
[EventCountry "GER"]
[EventCategory "5"]
[SourceTitle "CBM 131 Extra"]
[Source "ChessBase"]
[SourceDate "2009.09.03"]
[SourceVersion "2"]
[SourceVersionDate "2009.09.16"]
[SourceQuality "1"]

1. e4 Nc6 2. Nf3 d5 3. exd5 Qxd5 4. Nc3 Qa5 5. Bb5 a6 6. Bxc6+ bxc6 7. Qe2 Bg4 8. Qe4 Bxf3 9. Qxf3 Qe5+ 10. Qe4 Qxe4+ 11. Nxe4 Nf6 12. d3 Nxe4 13. dxe4 e6 14. Be3 0-0-0 15. Ke2 Be7 16. Rad1 Bf6 17. b3 Rxd1 18. Rxd1 Be7 19. Rd3 Bd6 20. Bd4 e5 21. Bc3 h5 22. Rh3 Rh6 23. Bd2 Rh7 24. g4 g6 25. gxh5 Rxh5 26. Rxh5 gxh5 27. Be3 Kd7 28. Kf3 Ke6 29. Kg3 Be7 30. f3 f5 31. Kh3 fxe4 32. fxe4 Kf6 33. Kg3 Bd6 34. Bd2 Kg6 35. Kf3 Be7 36. Bc3 Bd6 37. Be1 Kg5 38. Bg3 Kg6 39. Bh4 Kf7 40. Kg3 Kg6 41. Bd8 Kf7 42. Kf3 Ke8 43. Bh4 Kf7 44. Ke2 Kg6 45. Bd8 Kf7 46. Kd3 Ke8 47. Bg5 Kd7 48. Kc4 Ke6 49. b4 Kd7 50. a4 Ke6 51. Kb3 Kd7 52. c4 Ke6 53. a5 Kd7 54. Ka4 Kc8 55. Bf6 Kb7 56. Kb3 Kc8 57. h3 Kd7 58. Ka4 Kc8 59. Bg7 Kb7 60. Kb3 Kc8 61. c5 Be7 62. Bxe5 Kd7 63. Kc4 Bd8 64. Kd3 Bg5 65. Ke2 Bh6 66. Bc3 Ke6 67. Bd2 Bg7 68. Kf3 Be5 69. Be1 Kf6 70. Bd2 Ke6 1/2-1/2

[Event "Dortmund Helmut Kohl"]
[Site "Dortmund"]
[Date "2008.07.06"]
[Round "9"]
[White "Van der Weide, Karel"]
[Black "Eismont, Oleg"]
[Result "1/2-1/2"]
[WhiteElo "2482"]
[BlackElo "2362"]
[PlyCount "27"]
[EventDate "2008.06.28"]
[EventType "tourn"]
[EventRounds "9"]
[EventCountry "GER"]
[EventCategory "5"]
[SourceTitle "CBM 125 Extra"]
[Source "ChessBase"]
[SourceDate "2008.09.01"]
[SourceVersion "1"]
[SourceVersionDate "2008.09.01"]
[SourceQuality "1"]

1. e4 d6 2. d4 Nf6 3. Nc3 c6 4. f4 Qa5 5. Bd3 e5 6. Nf3 Bg4 7. Be3 exd4 8. Bxd4 Qb4 9. a3 Qxd4 10. Nxd4 Bxd1 11. Rxd1 Nbd7 12. 0-0 0-0-0 13. Bc4 d5 14. exd5 1/2-1/2

[Event "Oberliga NRW 0708"]
[Site "Germany"]
[Date "2008.02.10"]
[Round "6.4"]
[White "Bruemmer, Frank"]
[Black "Eismont, Oleg"]
[Result "0-1"]
[WhiteElo "2255"]
[BlackElo "2362"]
[PlyCount "76"]
[EventDate "2007.09.16"]
[EventType "team-tourn"]
[EventRounds "9"]
[EventCountry "GER"]
[SourceTitle "EXT 2009"]
[Source "ChessBase"]
[SourceDate "2008.11.26"]
[SourceVersion "1"]
[SourceVersionDate "2008.11.26"]
[SourceQuality "1"]
[WhiteTeam "Gescher"]
[BlackTeam "Dortmund Hansa"]
[WhiteTeamCountry "GER"]
[BlackTeamCountry "GER"]

1. d4 Nf6 2. Nf3 b6 3. g3 Bb7 4. Bg2 c5 5. c4 cxd4 6. 0-0 e6 7. Qxd4 Bc5 8. Qh4 0-0 9. Nc3 Be7 10. Qf4 d6 11. Rd1 a6 12. b3 Nbd7 13. Bb2 Qc7 14. Rac1 Rac8 15. g4 Qb8 16. g5 Ne8 17. Qg4 b5 18. Qh5 Rc5 19. Nd5 exd5 20. b4 Rxc4 21. Nd4 Qd8 22. f4 Rxb4 23. Bc3 Rc4 24. Rd3 b4 25. Bb2 Rxc1+ 26. Bxc1 Ndf6 27. Qh4 Qc8 28. Bb2 Qg4 29. Qxg4 Nxg4 30. h3 Ne5 31. fxe5 dxe5 32. Nf5 Bc5+ 33. Kh1 e4 34. Rd1 f6 35. gxf6 Nxf6 36. Rc1 Nh5 37. Nxg7 Ng3+ 38. Kh2 Bd6 0-1

[Event "Oberliga NRW 0708"]
[Site "Germany"]
[Date "2008.01.13"]
[Round "5.5"]
[White "Kern, Guido"]
[Black "Eismont, Oleg"]
[Result "1/2-1/2"]
[WhiteElo "2347"]
[BlackElo "2362"]
[PlyCount "127"]
[EventDate "2007.09.16"]
[EventType "team-tourn"]
[EventRounds "9"]
[EventCountry "GER"]
[SourceTitle "EXT 2009"]
[Source "ChessBase"]
[SourceDate "2008.11.26"]
[SourceVersion "1"]
[SourceVersionDate "2008.11.26"]
[SourceQuality "1"]
[WhiteTeam "Nord II"]
[BlackTeam "Dortmund Hansa"]
[WhiteTeamCountry "GER"]
[BlackTeamCountry "GER"]

1. Nf3 Nf6 2. c4 e6 3. g3 b6 4. Bg2 c6 5. 0-0 Be7 6. d4 0-0 7. b3 a5 8. Nc3 d5 9. Ne5 Nfd7 10. Nxd7 Nxd7 11. e4 dxc4 12. e5 Ba6 13. Bxc6 cxb3 14. Bxa8 Qxa8 15. axb3 Bb4 16. Bb2 Bxf1 17. Qxf1 Bxc3 18. Bxc3 Rc8 19. Qb5 Qc6 20. Qxc6 Rxc6 21. Rc1 b5 22. Kf1 Nb6 23. Ke2 b4 24. Bd2 Rxc1 25. Bxc1 Kf8 26. Kd3 Ke8 27. d5 Nxd5 28. Kc4 Kd7 29. Kb5 Nc3+ 30. Kxa5 Kc6 31. Bd2 Nb5 32. Kxb4 Nd4 33. Bc3 Nb5 34. Bb2 Nc7 35. Kc4 Nb5 36. Bc1 Kb6 37. Be3+ Kc6 38. Bc5 h5 39. Bf8 g5 40. h3 g4 41. hxg4 hxg4 42. Be7 Nc7 43. Bc5 Nb5 44. Bf8 Nc7 45. Kd4 Nd5 46. Ke4 Kb5 47. f3 Nc3+ 48. Kf4 gxf3 49. Kxf3 Kc6 50. Bb4 Nd5 51. Bd2 Ne7 52. Ke4 Ng6 53. Bb4 Kb5 54. Ba3 Kc6 55. Kd4 Kb5 56. Bd6 Nh8 57. g4 Ng6 58. g5 Nh4 59. Ke4 Kc6 60. Ba3 Nf5 61. Bb2 Ng3+ 62. Kf4 Nf5 63. g6 fxg6 64. Kg5 1/2-1/2

[Event "BL2-West 0607"]
[Site "Germany"]
[Date "2006.10.29"]
[Round "2.4"]
[White "Eismont, Oleg"]
[Black "Loifenfeld, Jakov"]
[Result "1/2-1/2"]
[WhiteElo "2390"]
[BlackElo "2427"]
[PlyCount "119"]
[EventDate "2006.10.15"]
[EventType "team-tourn"]
[EventRounds "9"]
[EventCountry "GER"]
[SourceTitle "EXT 2007"]
[Source "ChessBase"]
[SourceDate "2006.11.23"]
[SourceVersion "1"]
[SourceVersionDate "2006.11.23"]
[SourceQuality "1"]
[WhiteTeam "Dortmund Hansa"]
[BlackTeam "Koeln Porz II"]
[WhiteTeamCountry "GER"]
[BlackTeamCountry "GER"]

1. e4 Nf6 2. e5 Nd5 3. d4 d6 4. Nf3 g6 5. Bc4 Nb6 6. Bb3 Bg7 7. a4 dxe5 8. a5 N6d7 9. dxe5 Nc6 10. Bxf7+ Kf8 11. a6 Ndxe5 12. Qxd8+ Nxd8 13. Bd5 c6 14. Be4 Bf5 15. axb7 Nxb7 16. Ng5 Bf6 17. Nc3 h6 18. Nf3 Nd6 19. Ra4 Nxe4 20. Nxe4 Nxf3+ 21. gxf3 Be5 22. Ke2 Kf7 23. f4 Bc7 24. f3 Rhb8 25. b3 Rb5 26. Rc4 Rb6 27. Nc5 Rd8 28. Bd2 Rb5 29. Ra1 Bb6 30. Be3 Rd5 31. Na4 Rd6 32. Bxb6 axb6 33. Nc3 Rc5 34. Rxc5 bxc5 35. Ne4 Rd5 36. c4 Rd4 37. Ke3 Bxe4 38. fxe4 Rd8 39. h4 Rb8 40. Ra3 Kf6 41. Ra6 Rxb3+ 42. Ke2 Rh3 43. Rxc6+ e6 44. Rxc5 Rxh4 45. Kf3 Rh1 46. Rc8 g5 47. e5+ Kg6 48. Rf8 gxf4 49. Rxf4 Kg5 50. Rd4 Kf5 51. Rd8 Kxe5 52. c5 Rc1 53. Rh8 Rh1 54. Rd8 h5 55. c6 Rc1 56. Rh8 Rxc6 57. Rxh5+ Kd4 58. Ke2 e5 59. Rh4+ e4 60. Rh3 1/2-1/2

[Event "BL2-West 0607"]
[Site "Germany"]
[Date "2006.10.15"]
[Round "1.4"]
[White "Gurevich, Vladimir"]
[Black "Eismont, Oleg"]
[Result "1/2-1/2"]
[WhiteElo "2445"]
[BlackElo "2390"]
[PlyCount "54"]
[EventDate "2006.10.15"]
[EventType "team-tourn"]
[EventRounds "9"]
[EventCountry "GER"]
[SourceTitle "EXT 2007"]
[Source "ChessBase"]
[SourceDate "2006.11.23"]
[SourceVersion "1"]
[SourceVersionDate "2006.11.23"]
[SourceQuality "1"]
[WhiteTeam "Bochum 31"]
[BlackTeam "Dortmund Hansa"]
[WhiteTeamCountry "GER"]
[BlackTeamCountry "GER"]

1. e4 d6 2. d4 Nf6 3. Nc3 e5 4. Nf3 Nbd7 5. Bc4 Be7 6. 0-0 0-0 7. Re1 c6 8. a4 b6 9. d5 c5 10. a5 bxa5 11. Bf1 Nb6 12. Rxa5 Ne8 13. h3 Nc7 14. Na4 Nxa4 15. Rxa4 Bd7 16. Ra1 Nb5 17. c3 a5 18. Bd3 a4 19. Qe2 Qb8 20. Qc2 Na7 21. Be3 Nc8 22. Nd2 Nb6 23. Nc4 Nxc4 24. Bxc4 Qd8 25. Qd2 h6 26. Bd3 Bg5 27. Be2 Bxe3 1/2-1/2

[Event "Dortmund Sparkassen op-A"]
[Site "Dortmund"]
[Date "2006.08.04"]
[Round "7"]
[White "Lammers, Markus"]
[Black "Eismont, Oleg"]
[Result "1-0"]
[WhiteElo "2290"]
[BlackElo "2390"]
[PlyCount "95"]
[EventDate "2006.07.28"]
[EventType "swiss"]
[EventRounds "9"]
[EventCountry "GER"]
[SourceTitle "CBM 113 Extra"]
[Source "ChessBase"]
[SourceDate "2006.09.14"]
[SourceVersion "1"]
[SourceVersionDate "2006.09.14"]
[SourceQuality "1"]

1. e4 d6 2. d4 Nf6 3. Nc3 e5 4. Nge2 Nbd7 5. g3 Be7 6. Bg2 c6 7. a4 0-0 8. 0-0 a5 9. h3 Re8 10. Be3 exd4 11. Bxd4 Nc5 12. g4 Nfd7 13. Ng3 g6 14. Qd2 Ne6 15. Be3 Ne5 16. b3 f6 17. f4 Nf7 18. Rad1 Qc7 19. f5 Ng7 20. fxg6 hxg6 21. Bd4 Qd8 22. Qf2 Ne6 23. Bb6 Qd7 24. e5 Nxe5 25. Nge4 Rf8 26. Nxd6 Bxd6 27. Ne4 Qe7 28. Rxd6 Kg7 29. Qg3 Nf7 30. Rd2 Ra6 31. Be3 Nfg5 32. Nd6 Nf7 33. Nxc8 Rxc8 34. Rdf2 Rd8 35. Rxf6 Qxf6 36. Rxf6 Kxf6 37. Qf2+ Kg7 38. Bd2 Nd4 39. Bf1 Raa8 40. g5 Nf5 41. Bd3 Rxd3 42. cxd3 Rd8 43. Qf3 Kg8 44. Qe4 c5 45. Bxa5 Rd6 46. h4 b6 47. Bc3 Nd4 48. b4 1-0

[Event "Dortmund Sparkassen op-A"]
[Site "Dortmund"]
[Date "2006.08.01"]
[Round "4"]
[White "Eismont, Oleg"]
[Black "Witte, Matthias"]
[Result "1-0"]
[WhiteElo "2390"]
[BlackElo "2046"]
[PlyCount "97"]
[EventDate "2006.07.28"]
[EventType "swiss"]
[EventRounds "9"]
[EventCountry "GER"]
[SourceTitle "CBM 113 Extra"]
[Source "ChessBase"]
[SourceDate "2006.09.14"]
[SourceVersion "1"]
[SourceVersionDate "2006.09.14"]
[SourceQuality "1"]

1. e4 d5 2. exd5 Qxd5 3. Nc3 Qa5 4. d4 c6 5. Nf3 Nf6 6. Bc4 Bf5 7. Bd2 e6 8. Nd5 Qd8 9. Nxf6+ gxf6 10. c3 Qc7 11. Qe2 Nd7 12. Nh4 Bg6 13. 0-0-0 0-0-0 14. g3 Kb8 15. Bf4 Bd6 16. Bxd6 Qxd6 17. Bb3 f5 18. Ng2 Nf6 19. Nf4 Nd5 20. Bxd5 cxd5 21. Rhe1 Rde8 22. Qe5 Qxe5 23. dxe5 Rc8 24. Rd4 Rc6 25. Kd2 Rhc8 26. h4 h6 27. a4 b6 28. Rc1 R8c7 29. Kd3 Rc5 30. Ke3 Rc4 31. Rxc4 Rxc4 32. b3 Re4+ 33. Kd3 Rxe5 34. f3 d4 35. cxd4 Ra5 36. Nxg6 fxg6 37. Re1 b5 38. Rxe6 bxa4 39. bxa4 Rxa4 40. Rxg6 Ra3+ 41. Ke2 a5 42. Rxh6 a4 43. Rf6 Ra2+ 44. Ke3 Rg2 45. Ra6 Rxg3 46. Rxa4 Rh3 47. Ra5 f4+ 48. Ke4 Rxh4 49. Rc5 1-0

[Event "Oberliga NRW 0506"]
[Site "Germany"]
[Date "2006.01.22"]
[Round "6.3"]
[White "Haub, Thorsten Michael"]
[Black "Eismont, Oleg"]
[Result "1-0"]
[WhiteElo "2446"]
[BlackElo "2397"]
[PlyCount "33"]
[EventDate "2005.09.25"]
[EventType "team-tourn"]
[EventRounds "9"]
[EventCountry "GER"]
[SourceTitle "EXT 2007"]
[Source "ChessBase"]
[SourceDate "2006.11.23"]
[SourceVersion "1"]
[SourceVersionDate "2006.11.23"]
[SourceQuality "1"]
[WhiteTeam "Plettenberg"]
[BlackTeam "Dortmund Hansa"]
[WhiteTeamCountry "GER"]
[BlackTeamCountry "GER"]

1. g3 d5 2. Bg2 c6 3. f4 Bf5 4. Nf3 Qc8 5. h3 Be4 6. d3 Bxf3 7. Bxf3 Nf6 8. e4 dxe4 9. dxe4 e6 10. Nd2 Nbd7 11. Qe2 e5 12. Nc4 Qc7 13. Be3 Be7 14. 0-0-0 0-0 15. fxe5 Nxe5 16. Bf4 Nfd7 17. Bg4 1-0

[Event "Oberliga NRW 0405"]
[Site "Germany"]
[Date "2005.04.24"]
[Round "9.2"]
[White "Sonntag, Hans Hubert"]
[Black "Eismont, Oleg"]
[Result "1/2-1/2"]
[WhiteElo "2389"]
[BlackElo "2430"]
[PlyCount "94"]
[EventDate "2004.10.10"]
[EventType "team-tourn"]
[EventRounds "9"]
[EventCountry "GER"]
[SourceTitle "EXT 2006"]
[Source "ChessBase"]
[SourceDate "2005.11.24"]
[SourceVersion "1"]
[SourceVersionDate "2005.11.24"]
[SourceQuality "1"]
[WhiteTeam "Aachen"]
[BlackTeam "Dortmund Hansa"]
[WhiteTeamCountry "GER"]
[BlackTeamCountry "GER"]

1. d4 Nf6 2. c4 e6 3. Nc3 Bb4 4. Qc2 0-0 5. a3 Bxc3+ 6. Qxc3 d6 7. f3 a5 8. b3 Nc6 9. e4 e5 10. d5 Nd4 11. Be3 c5 12. dxc6 bxc6 13. Bxd4 exd4 14. Qxd4 Rb8 15. Rb1 d5 16. cxd5 cxd5 17. e5 Bf5 18. Bd3 Bxd3 19. Qxd3 Nd7 20. Ne2 Nxe5 21. Qd4 Re8 22. 0-0 Nxf3+ 23. Rxf3 Rxe2 24. Rd1 Qg5 25. Rg3 Qe5 26. Qxe5 Rxe5 27. Rc3 f6 28. Rd4 Kf7 29. a4 Ke6 30. Rc6+ Kd7 31. Rc5 Kd6 32. Rxa5 Rxb3 33. Rd2 h5 34. Ra8 h4 35. a5 Rf5 36. h3 Rb1+ 37. Kh2 Rff1 38. g4 Rh1+ 39. Kg2 Rbg1+ 40. Kf2 Rh2+ 41. Kxg1 Rxd2 42. a6 Kc7 43. Rg8 Kb6 44. Rxg7 Kxa6 45. Rf7 Rd3 46. Rxf6+ Kb5 47. Kh2 Rd2+ 1/2-1/2

[Event "Oberliga NRW 0405"]
[Site "Germany"]
[Date "2004.10.31"]
[Round "2.2"]
[White "Eismont, Oleg"]
[Black "Bosboom, Manuel"]
[Result "0-1"]
[WhiteElo "2430"]
[BlackElo "2426"]
[PlyCount "46"]
[EventDate "2004.10.10"]
[EventType "team-tourn"]
[EventRounds "9"]
[EventCountry "GER"]
[SourceTitle "EXT 2006"]
[Source "ChessBase"]
[SourceDate "2005.11.24"]
[SourceVersion "1"]
[SourceVersionDate "2005.11.24"]
[SourceQuality "1"]
[WhiteTeam "Dortmund Hansa"]
[BlackTeam "Muenster"]
[WhiteTeamCountry "GER"]
[BlackTeamCountry "GER"]

1. e4 c5 2. Nc3 Nc6 3. Nf3 e6 4. Bb5 Na5 5. e5 a6 6. Bd3 Qc7 7. 0-0 f5 8. exf6 Nxf6 9. Ng5 Qf4 10. Nge4 d5 11. Nxf6+ Qxf6 12. Re1 Be7 13. Bf1 0-0 14. Qe2 Nc6 15. d3 Nd4 16. Qd2 Bd6 17. Nd1 Qg6 18. Be2 Bf4 19. Ne3 Qh6 20. h3 e5 21. Qd1 Bxh3 22. gxh3 Qxh3 23. Ng4 Bh2+ 0-1

[Event "Dortmund op-A"]
[Site "Dortmund"]
[Date "2004.07.26"]
[Round "4"]
[White "Fiebig, Thomas"]
[Black "Eismont, Oleg"]
[Result "1/2-1/2"]
[WhiteElo "2263"]
[BlackElo "2433"]
[PlyCount "100"]
[EventDate "2004.07.??"]
[EventType "swiss"]
[EventRounds "9"]
[EventCountry "GER"]
[SourceTitle "EXT 2006"]
[Source "ChessBase"]
[SourceDate "2005.11.24"]
[SourceVersion "1"]
[SourceVersionDate "2005.11.24"]
[SourceQuality "1"]

1. e4 d5 2. exd5 Qxd5 3. Nc3 Qd6 4. Bc4 Nf6 5. d4 a6 6. Nge2 b5 7. Bf4 Qd7 8. Bb3 e6 9. 0-0 c5 10. dxc5 Bxc5 11. Qxd7+ Nbxd7 12. Rad1 Bb7 13. Ng3 Be7 14. Rfe1 Nc5 15. Bd6 Bxd6 16. Rxd6 0-0 17. f3 Rfc8 18. Red1 Kf8 19. R6d2 Bc6 20. Nce2 a5 21. c3 Nxb3 22. axb3 Bd5 23. Nc1 a4 24. bxa4 bxa4 25. Nge2 Nd7 26. Nf4 Nb6 27. Rd4 Bc4 28. Nfe2 Bxe2 29. Nxe2 Nc4 30. Rb1 Rab8 31. Rd7 Rxb2 32. Rxb2 Nxb2 33. Ra7 e5 34. Kf1 g6 35. Ke1 Rd8 36. Ng3 f5 37. Rxh7 Rd3 38. Ra7 Rxc3 39. Kd2 Ra3 40. h4 Nc4+ 41. Kc2 e4 42. h5 gxh5 43. Nxh5 e3 44. Nf4 Nd6 45. g4 Ra2+ 46. Kb1 Rf2 47. Rxa4 Rxf3 48. Kc2 fxg4 49. Ng6+ Kg7 50. Rxg4 Kh6 1/2-1/2

[Event "Dortmund op-A"]
[Site "Dortmund"]
[Date "2004.07.25"]
[Round "3"]
[White "Eismont, Oleg"]
[Black "Rahman, Md Taibur"]
[Result "1/2-1/2"]
[WhiteElo "2433"]
[BlackElo "2244"]
[PlyCount "36"]
[EventDate "2004.07.??"]
[EventType "swiss"]
[EventRounds "9"]
[EventCountry "GER"]
[SourceTitle "EXT 2006"]
[Source "ChessBase"]
[SourceDate "2005.11.24"]
[SourceVersion "1"]
[SourceVersionDate "2005.11.24"]
[SourceQuality "1"]

1. e4 c5 2. Nc3 Nc6 3. Nf3 e5 4. Bc4 Be7 5. Nd5 d6 6. 0-0 Nf6 7. Nxf6+ Bxf6 8. c3 0-0 9. Ne1 Be6 10. Bxe6 fxe6 11. Qg4 Qe7 12. d3 Rf7 13. Nc2 Re8 14. b4 cxb4 15. Nxb4 Qd7 16. Nxc6 Qxc6 17. c4 Bd8 18. Be3 Bb6 1/2-1/2

[Event "Dortmund op-A"]
[Site "Dortmund"]
[Date "2004.07.24"]
[Round "2"]
[White "Kleinschroth, Roland"]
[Black "Eismont, Oleg"]
[Result "0-1"]
[WhiteElo "2175"]
[BlackElo "2433"]
[PlyCount "58"]
[EventDate "2004.07.??"]
[EventType "swiss"]
[EventRounds "9"]
[EventCountry "GER"]
[SourceTitle "EXT 2006"]
[Source "ChessBase"]
[SourceDate "2005.11.24"]
[SourceVersion "1"]
[SourceVersionDate "2005.11.24"]
[SourceQuality "1"]

1. e4 d5 2. exd5 Qxd5 3. Nc3 Qd6 4. Bc4 Nf6 5. d4 a6 6. Nge2 b5 7. Bf4 Qd7 8. Bb3 Bb7 9. 0-0 e6 10. Qd3 c5 11. dxc5 Qxd3 12. cxd3 Bxc5 13. Rac1 Nbd7 14. Ng3 Ke7 15. Rfe1 g6 16. Nge4 Nxe4 17. Nxe4 Bxe4 18. dxe4 Rhc8 19. Kf1 Bd4 20. Rxc8 Rxc8 21. Bc1 a5 22. Rd1 a4 23. Rxd4 axb3 24. Be3 bxa2 25. Rd1 Rc2 26. Bd4 b4 27. b3 Nc5 28. Bxc5+ Rxc5 29. Ra1 Rc2 0-1

[Event "Dortmund op-A"]
[Site "Dortmund"]
[Date "2004.07.23"]
[Round "1"]
[White "Eismont, Oleg"]
[Black "Zachos, Ingo"]
[Result "1-0"]
[WhiteElo "2433"]
[BlackElo "2107"]
[PlyCount "53"]
[EventDate "2004.07.??"]
[EventType "swiss"]
[EventRounds "9"]
[EventCountry "GER"]
[SourceTitle "EXT 2006"]
[Source "ChessBase"]
[SourceDate "2005.11.24"]
[SourceVersion "1"]
[SourceVersionDate "2005.11.24"]
[SourceQuality "1"]

1. e4 d6 2. d4 Nf6 3. Nc3 g6 4. f4 Bg7 5. Nf3 0-0 6. Bd3 Nc6 7. e5 dxe5 8. fxe5 Nh5 9. Be2 Bg4 10. d5 Nb8 11. Ng5 Bxe2 12. Qxe2 c6 13. g4 Nf6 14. exf6 exf6 15. Nf3 Re8 16. Be3 Bh6 17. g5 fxg5 18. 0-0-0 Qf6 19. Rhe1 g4 20. Bxh6 Rxe2 21. Rxe2 Na6 22. Ng5 Qf4+ 23. Kb1 f6 24. d6 fxg5 25. d7 Rd8 26. Re8+ Kf7 27. Rxd8 1-0